LEADER 05735nam 2200769Ia 450 001 9911019993803321 005 20200520144314.0 010 $a9786610367412 010 $a9781280367410 010 $a1280367415 010 $a9780470231852 010 $a0470231858 010 $a9780471463849 010 $a0471463841 010 $a9780471200673 010 $a0471200670 035 $a(CKB)111087027106962 035 $a(EBL)157073 035 $a(OCoLC)72668617 035 $a(SSID)ssj0000080368 035 $a(PQKBManifestationID)11312302 035 $a(PQKBTitleCode)TC0000080368 035 $a(PQKBWorkID)10095649 035 $a(PQKB)10124270 035 $a(MiAaPQ)EBC157073 035 $a(PPN)176968261 035 $a(Perlego)2750918 035 $a(EXLCZ)99111087027106962 100 $a19991220d2000 uy 0 101 0 $aeng 135 $aur|n|---||||| 181 $ctxt 182 $cc 183 $acr 200 10$aAnalysis methods for RF, microwave, and millimeter-wave planar transmission line structures /$fCam Nguyen 210 $aNew York $cJ. Wiley$dc2000 215 $a1 online resource (259 p.) 225 1 $aWiley series in microwave and optical engineering 300 $a"A Wiley-Interscience publication." 311 08$a9780471017509 311 08$a0471017507 320 $aIncludes bibliographical references and index. 327 $aAnalysis Methods for RF, Microwave, and Millimeter-Wave Planar Transmission Line Structures; Contents; Preface; 1 Introduction; 1.1 Planar Transmission Lines and Microwave Integrated Circuits; 1.2 Analysis Methods for Planar Transmission Lines; 1.3 Organization of the Book; 2 Fundamentals of Electromagnetic Theory; 2.1 Maxwell's Equations; 2.2 Constitutive Relations; 2.3 Continuity Equation; 2.4 Loss in Medium; 2.5 Boundary Conditions; 2.6 Skin Depth; 2.7 Power Flow; 2.8 Poisson's and Laplace's Equations; 2.9 Wave Equations; 2.10 Electric and Magnetic Potentials; 2.11 Wave Types and Solutions 327 $a2.11.1 Wave Types2.11.2 Wave Solutions; 2.12 Orthogonality Relations; 2.12.1 Orthogonality Relations Between y(h)(mn)(x, y) and Between y(e)(mn)(x, y); 2.12.2 Orthogonality Relations Between Electric Fields and Between Magnetic Fields; 2.12.3 Orthogonality Relations Between Electric and Magnetic Fields; 2.12.4 Power Orthogonality for Lossless Structures; References; Problems; 3 Green's Function; 3.1 Descriptions of Green's Function; 3.1.1 Solution of Poisson's Equation Using Green's Function; 3.1.2 Solution of the Wave Equation Using Green's Function; 3.2 Sturm-Liouville Equation 327 $a3.3 Solutions of Green's Function3.3.1 Closed-Form Green's Function; 3.3.2 Series-Form Green's Function; 3.3.3 Integral-Form Green's Function; References; Problems; Appendix: Green's Identities; 4 Planar Transmission Lines; 4.1 Transmission Line Parameters; 4.1.1 Static Analysis; 4.1.2 Dynamic Analysis; 4.2 Microstrip Line; 4.3 Coplanar Waveguide; 4.4 Coplanar Strips; 4.5 Strip Line; 4.6 Slot Line; References; Problems; 5 Conformal Mapping; 5.1 Principles of Mappings; 5.2 Fundamentals of Conformal Mapping; 5.3 The Schwarz-Christoffel Transformation 327 $a5.4 Applications of the Schwarz-Christoffel Transformation in Transmisison Line Analysis5.5 Conformal-Mapping Equations for Common Transmission Lines; References; Problems; 6 Variational Methods; 6.1 Fundamentals of Variational Methods; 6.2 Variational Expressions for the Capacitance per Unit Length of Transmission Lines; 6.2.1 Upper-Bound Variational Expression for C; 6.2.2 Lower-Bound Variational Expression for C; 6.2.3 Determination of C, Z(o), and ?(eff); 6.3 Formulation of Variational Methods in the Space Domain; 6.3.1 Variational Formulation Using Upper-Bound Expression 327 $a6.3.2 Variational Formulation Using Lower-Bound Expression6.4 Variational Methods in the Spectral Domain; 6.4.1 Lower-Bound Variational Expression for C in the Spectral Domain; 6.4.2 Determination of C, Z(o), and ?(eff); 6.4.3 Formulation; References; Problems; Appendix: Systems of Homogeneous Equations from the Lower-Bound Variational Formulation; 7 Spectral-Domain Method; 7.1 Formulation of the Quasi-static Spectral-Domain Analysis; 7.2 Formulation of the Dynamic Spectral-Domain Analysis; References; Problems; Appendix A: Fourier Transform and Parseval's Theorem 327 $aAppendix B: Galerkin's Method 330 $aA one-stop reference to themajor techniques for analyzingmicrowave planar transmission line structuresThe last two decades have seen important progress in the development of methods for the analysis of microwave and millimeter-wave passive structures, which contributed greatly to microwave integrated circuit design while also stimulating the development of new planar transmission lines. This timely and authoritative work introduces microwave engineers to the most commonly used techniques for analyzing microwave planar transmission line structures.Designed to be easily a 410 0$aWiley series in microwave and optical engineering. 606 $aMicrowave transmission lines 606 $aStrip transmission lines 606 $aMicrowave integrated circuits 606 $aElectric circuit analysis 615 0$aMicrowave transmission lines. 615 0$aStrip transmission lines. 615 0$aMicrowave integrated circuits. 615 0$aElectric circuit analysis. 676 $a621.3813 700 $aNguyen$b Cam$0763574 801 0$bMiAaPQ 801 1$bMiAaPQ 801 2$bMiAaPQ 906 $aBOOK 912 $a9911019993803321 996 $aAnalysis methods for RF, microwave, and millimeter-wave planar transmission line structures$94416712 997 $aUNINA LEADER 04404nam 22007331c 450 001 9910966299803321 005 20200115203623.0 010 $a9786613274281 010 $a9781472547262 010 $a1472547268 010 $a9781283274289 010 $a1283274280 010 $a9781441129628 010 $a1441129626 024 7 $a10.5040/9781472547262 035 $a(CKB)2550000000048678 035 $a(EBL)773211 035 $a(OCoLC)754582258 035 $a(SSID)ssj0000564852 035 $a(PQKBManifestationID)11363522 035 $a(PQKBTitleCode)TC0000564852 035 $a(PQKBWorkID)10515855 035 $a(PQKB)11722961 035 $a(MiAaPQ)EBC773211 035 $a(Au-PeEL)EBL773211 035 $a(CaPaEBR)ebr10497641 035 $a(CaONFJC)MIL327428 035 $a(OCoLC)756495906 035 $a(UtOrBLW)bpp09255983 035 $a(UtOrBLW)BP9781472547262BC 035 $a(Perlego)805693 035 $a(EXLCZ)992550000000048678 100 $a20140929d2011 uy 0 101 0 $aeng 135 $aur|n|---||||| 181 $ctxt 182 $cc 183 $acr 200 10$aPhilosophical hermeneutics in relation $edialogues with existentialism, pragmatism, critical theory, and postmodernism $fPaul Fairfield 210 1$aLondon $aNew York $cContinuum $d2011. 215 $a1 online resource (272 p.) 225 1 $aContinuum studies in Continental philosophy 300 $aDescription based upon print version of record. 311 08$a9781472512567 311 08$a1472512561 311 08$a9781441116383 311 08$a1441116389 320 $aIncludes bibliographical references and index. 327 $aPerspectivism: Friedrich Nietzsche -- Reason as boundless communication: Karl Jaspers -- The thou and the mass: Gabriel Marcel -- Truth after correspondence: William James -- The theory of inquiry: John Dewey -- Practice, theory, and anti-theory: Richard Rorty -- Interpretation and criticism: Max Horkheimer -- Deliberative politics: Ju?rgen Habermas -- Discourse ethics: Karl-Otto Apel -- Genealogy and suspicious interpretation: Michel Foucault -- Radical hermeneutics: John Caputo -- Unprincipled judgments: Jean-Franc?ois Lyotard 327 $aIntroduction: Hermeneutical Engagements -- Part I. Existentialism -- 1. Perspectivism: Friedrich Nietzsche -- 2. Reason as Boundless -- Communication: Karl Jaspers -- 3. The Thou and the Mass: Gabriel Marcel -- Part -- II. Pragmatism -- 4. Truth Without Foundations: William James -- 5. The -- Theory of Inquiry: John Dewey -- 6. Practice, Theory, and Anti-Theory: Richard -- Rorty -- Part III. Critical Theory -- 7. Interpretation and -- Criticism: Max Horkheimer -- 8. Deliberative Politics: Ju?rgen Habermas -- 9. -- Communicative Ethics: Karl-Otto Apel -- Part IV. Postmodernism -- 10. -- Genealogy and Suspicious Interpretation: Michel Foucault -- 11. Radical -- Hermeneutics: John Caputo -- 11. Unprincipled Judgments: Jean-Franc?ois Lyotard -- Notes -- Bibliography -- Index 330 8 $aIn this important new study, Paul Fairfield examines a number of issues of central importance to philosophical hermeneutics. His aim is less to reexamine the basic hypotheses of hermeneutics (Gadamer's hermeneutics in particular) than to understand it in relational terms, by bringing it into closer association with existentialism, pragmatism, critical theory, and postmodernism. Fairfield contends that there are important affinities and areas for critical exchange between hermeneutics and these four schools of thought which have, until now, remained underappreciated. Philosophical Hermeneutics Reinterpreted examines several of these connections by interpreting hermeneutics in relation to specific themes in the writings of key figures within each of these traditions. In so doing, he both clarifies some outstanding issues in hermeneutics and advances the subject beyond what Heidegger, Gadamer, and Ricoeur have given us. 410 0$aContinuum studies in Continental philosophy. 606 $aHermeneutics$xHistory 606 $2Philosophy 615 0$aHermeneutics$xHistory. 676 $a121/.686 700 $aFairfield$b Paul$f1966-$01108832 801 0$bUtOrBLW 801 1$bUtOrBLW 801 2$bUkLoBP 906 $aBOOK 912 $a9910966299803321 996 $aPhilosophical hermeneutics in relation$94474879 997 $aUNINA